Barriers and bounds to rationality : essays on economic complexity and dynamics in interactive systems

Αποθηκεύτηκε σε:
Λεπτομέρειες βιβλιογραφικής εγγραφής
Κύριος συγγραφέας: Albin, Peter S.
Άλλοι συγγραφείς: Foley, Duncan K. (Επιμελητής έκδοσης)
Μορφή: Βιβλίο
Γλώσσα:English
Δημοσίευση: Princeton, N.J. : Princeton University Press, c1998.
Σειρά:Princeton studies in complexity
Θέματα:
Ετικέτες: Προσθήκη ετικέτας
Δεν υπάρχουν, Καταχωρήστε ετικέτα πρώτοι!

MARC

LEADER 00000cam a2200000 i 4500
001 1/13910
008 001129s1998 nju ||| | eng||
020 |a 0691026769 
035 |l 10064798 
040 |a GR-MyUA  |b gre  |e AACR2 
041 0 |a eng 
082 0 |a 330.01185  
100 1 |a Albin, Peter S. 
245 1 0 |a Barriers and bounds to rationality :   |b essays on economic complexity and dynamics in interactive systems /   |c Peter S. Albin ; edited with an introduction by Duncan K. Foley.  
260 |a Princeton, N.J. :   |b Princeton University Press,   |c c1998.  
300 |a xxxi, 255 σ. :   |b εικ. ;   |c 24 εκ.  
490 1 |a (Princeton studies in complexity) 
504 |a Περιέχει βιβλιογραφικές αναφορές και ευρετήριο.  
650 0 0 |a Economics, Mathematical. 
650 0 0 |a Statics and dynamics (Social sciences) 
650 0 0 |a Computational complexity. 
700 1 |a Foley, Duncan K.  |e edt 
830 0 |a Princeton studies in complexity 
852 |a INST  |b SAMOS  |e 20001129  |h 330.01185 ALB  |p 005300018312  |q 005300018312  |t BK  |y 0 
901 |a BIBL3-2000-3 
909 |a Σ  |b 082339 
922 |a 3ΕΛΗ  |b 200010  |c ΤΣΑΕ/ΚΒ  |d ΜΙΧΑΛΟΠΟΥΛΟΣ 
950 |a 184-2000-09-12 
970 |a ΠΟΥΡΝΑΡΑΣ  |b ΔΗΜΗΤΡΗΣ  |z 2000/11/30